000 005240000a22001810004500
003 MACL
005 20151004150303.0
008 151004b xxu||||| |||| 00| 0 eng d
040 _aMACL
_cMACL
041 _aEnglish
082 _a910/BAS
100 _aBasanta, Dr Ningombam
_913694
245 _aModernisation Challenge and Response
_bA Study of the Chakpa Community of Manipur
260 _bAkansha Publishing House
_c2008
_aNew Delhi
350 _a650
650 _aTravel & Geography
_913442
942 _cBK
_k910/BAS
_2ddc
999 _c42631
_d42631